Basic & Applied Biochemistry Nutrition & Dietetics for Nursing (Record no. 1520)

MARC details
000 -LEADER
Fixed length control field 00666nam a2200229Ia 4500
003 - CONTROL NUMBER IDENTIFIER
Control field IIN
005 - DATE AND TIME OF LATEST TRANSACTION
Control field 20240201144148.0
008 - FIXED-LENGTH DATA ELEMENTS--GENERAL INFORMATION
Fixed length control field 231217s9999 xx 000 0 und d
020 ## - INTERNATIONAL STANDARD BOOK NUMBER / ISBN
Price Rs.725.00
International Standard Book Number 9789390612970
040 ## - CATALOGING SOURCE
Original cataloging agency IIN
Language of cataloging English
082 ## - DEWEY DECIMAL CLASSIFICATION NUMBER
Classification number 610.7
Book Number JOH
100 1# - MAIN ENTRY--PERSONAL NAME
Personal name John, Sheila
245 #2 - TITLE STATEMENT
Title Basic & Applied Biochemistry Nutrition & Dietetics for Nursing
Statement of responsibility Sheila John & Jasmine Devaselvan
250 ## - EDITION STATEMENT
Edition statement 3rd ed
260 ## - IMPRINT
Name of publisher Wolters Kluwer
Place of publication New Delhi
Date of publication 2023
300 ## - PHYSICAL DESCRIPTION
Page / Vol. No xxiv, 345p.
650 1# - SUBJECT ADDED ENTRY--TOPICAL TERM
Topical term Nutrition
Form subdivision Nursing
650 1# - SUBJECT ADDED ENTRY--TOPICAL TERM
Topical term Biochemistry
Form subdivision Nursing
650 1# - SUBJECT ADDED ENTRY--TOPICAL TERM
Topical term Dietetics
Form subdivision Nursing
700 1# - ADDED ENTRY--PERSONAL NAME
Personal name Devaselvan, Jasmine
942 ## - ADDED ENTRY ELEMENTS (KOHA)
Koha item type Books
Holdings
Withdrawn status Lost status Damaged status Not for loan Collection code Home library Current library Date acquired Price Total Checkouts Call number Accession number Date last seen Date checked out Price effective from Koha item type Source of classification Shelving location
          IDEAL INSTITUTE OF NURSING IDEAL INSTITUTE OF NURSING 17/12/2023 725.00 1 610.7 JOH 1514 17/10/2025 13/10/2025 17/12/2023 Books    
          IDEAL INSTITUTE OF NURSING IDEAL INSTITUTE OF NURSING 17/12/2023 725.00   610.7 JOH 1515 17/12/2023   17/12/2023 Books    
          IDEAL INSTITUTE OF NURSING IDEAL INSTITUTE OF NURSING 17/12/2023 725.00   610.7 JOH 1516 17/12/2023   17/12/2023 Books    
        Purches Book IDEAL INSTITUTE OF NURSING IDEAL INSTITUTE OF NURSING 11/03/2025 779.00   610.7 JOH 1756 28/03/2025   28/03/2025 Books Dewey Decimal Classification General Stacks
© Ideal Institute Of Nursing, All rights reserved.         Powered by Koha